000 01190nam0a22003011 4500
001 v19\rc\1643655
005 20250619052336.0
035 _a(NLR Aleph) 004839139
090 _a4803101
_c4803101
100 _a20061002d1886 |||y0rusy50 ca
101 0 _arus
102 _aRU
105 _aa z |||||
200 1 _aВыбор зятя
_eОпера-буфф в 3 д.
_eПеределана из оперы-буфф "Le présomptit"
_fМуз. Грега
_gРус. текст И. К-ва и А. Н-ва
210 _aСанкт-Петербург
_cтип. и лит. А. Пожаровой
_d1886
215 _a32 с.
_cил.
_d26
300 _a2 авт. раскрыт по изд.: Каталог пьес членов О-ва рус. драм. писателей. М., 1914
517 0 _aLe Présomptif
_eОпера-буфф
700 1 _9z01790
_aНиколаев
_bА.Н.
_f1875-
_gАлександр Николаевич
701 1 _aК-в
_bИ.
702 1 _aГрег
_bЛ.
_gЛуи
_4230
790 1 _9z01700
_aН-в
_bА.
_f1875-
801 0 _aRU
_bNLR
_gpsbo
801 0 _aRU
_bRuMoRGB
_2psbo
801 1 _aRU
_bProSoft-M
_2rusmarc
852 _aNLR
_j18.158.1.386
942 _cBOOK
980 _aNB